01612nam a2200361 a 4500001001000000003000500010005001700015008004100032010001100073011001100084040000900095090001000104100004300114245019900157260004100356500006000397502010400457590003700561590004100598590004000639590004000679650005200719650004200771650003300813856001600846856007000862901000700932942001000939942000600949999001900955952014000974952013601114000113114CHAP20220329144339.0170425s2016 mx sm |||||||spa d a109575 a110547 cCHAP aTesis1 aAnaya Arvizu, Amairani Zuleyma913200413aLa producción de maíz como eje de desarrollo local de los ejidos Santa Rosa Xajay y Las Palomas, del municipio San Juan del Rio, Querétaroh[En línea]cpor Amairani Zuleyma Anaya Arvizu. aChapingo, Méx. :bEl autor,c2016. aPara ver el contenido del material haga clic en la liga aTesis (M.C. en Desarrollo Rural Regional) -- UACH. Dirección de Centros Regionales Universitarios aBATCHb00c20181121lUCH01h0758 aE11695DGDb10c20170428lUCH01h1017 aE5765TAJb05c20170425lUCH01h1114 aE5765TAJb05c20170425lUCH01h111514aDesarrollo de la comunidadzQuerétaro.93198714aMaízxAspectos económicos.97086514aMaízxProducción.971041 a1 n0000345 aFinding aiduhttp://10.13.5.2/tesis/sist113114.pdfzTeclea aquí aBK cTESIS n0 c109575d109575 00102local4053708TESISaBCbBCcPA_TESISd2017-04-25fTESISl0oTesisp33724002530876r2019-12-31 00:00:00tc.2w2019-12-31yTESIS 00104054718TESISaBCbBCd2017-04-25fTESISl0oTesisp33724002530918r2019-12-31 00:00:00w2019-12-31yTESISzRecien adquirido